00357nam a22001337a 450000500170000000800410001702000220005804100080008010000430008824500350013125000190016626000270018530000110021220210828110109.0190530b xxu||||| |||| 00| 0 eng d a978-93-82448-39-6 aeng aGHOOI, RAVINDRA.B AND ITKAR, SACHIN C. aPRINCIPLE OF CLINICAL RESEARCH a3rd , Ed. 2018 aPUNEbNIRALI PRAKASHAN a1.2p,